| 000 | 00524nam a2200181 u 4500 | ||
|---|---|---|---|
| 005 | 20240806064033.0 | ||
| 008 | 070828s1999 ag r 000 0 spa d | ||
| 020 | _a9879338049 | ||
| 035 | _aUPN01000151525 | ||
| 049 | _aCG | ||
| 050 | 4 |
_aPS3552 A2.3 _bM3.5 |
|
| 100 | 1 |
_aBach, Richard, _d1936- _928085 |
|
| 245 | 1 | 0 |
_aMensajes para siempre / _cRichard Bach ; tr. Lidia MarĂa Riba. |
| 260 |
_aBuenos Aires : _bV&R, _cc1999. |
||
| 300 |
_a105 p. : _bil. col. |
||
| 650 | 4 |
_aLiteratura estadounidense _95229 |
|
| 905 | _aLibro | ||
| 999 |
_c123661 _d123661 |
||